[Event "52nd National Challengers (National â€˜Bâ€™) Chess Cha"]
[Site "Indoor Stadium,Dharamshala,Himachal Pradesh,India"]
[Date "2014.05.10"]
[Round "2"]
[Board "10"]
[White "Grover, Sahaj"]
[Black "Khumukcham, Sanjoy Singh"]
[Result "1-0"]
[WhiteElo "2469"]
[BlackElo "2137"]
[PlyCount "97"]
[EventDate "2014.05.09"]
[EventRounds "13"]
[EventCountry "IND"]

1. e4 e5 2. Nf3 Nc6 3. Bb5 a6 4. Ba4 Nf6 5. Qe2 Bc5 6. d3 d6 7. c3 Bd7 8. Nbd2
Qe7 9. Nf1 Ng4 10. Ne3 Nxe3 11. Bxe3 Bxe3 12. fxe3 O-O 13. O-O f5 14. exf5 Rxf5
15. Bb3+ Kh8 16. e4 Rf4 17. g3 Rf6 18. Nh4 Raf8 19. Qh5 g6 20. Qh6 Rxf1+ 21.
Rxf1 Rxf1+ 22. Kxf1 Qf6+ 23. Kg2 Ne7 24. Nf3 Ng8 25. Qe3 Kg7 26. d4 Nh6 27.
dxe5 dxe5 28. Qc5 Bc6 29. Nxe5 Bxe4+ 30. Kg1 Qd6 31. Qxd6 cxd6 32. Nc4 Nf5 33.
g4 d5 34. Nb6 Ne7 35. Kf2 h6 36. Nd7 Nc8 37. Ke3 Bg2 38. Kf4 g5+ 39. Ke5 Bf3
40. Bxd5 Bxg4 41. Nf6 Be2 42. Bxb7 Ne7 43. Ne8+ Kf8 44. Nd6 g4 45. Nf5 Ng6+ 46.
Kf6 Nf4 47. Nxh6 a5 48. Nxg4 Nd3 49. Ba6 1-0

[Event "52nd National Challengers (National â€˜Bâ€™) Chess Cha"]
[Site "Indoor Stadium,Dharamshala,Himachal Pradesh,India"]
[Date "2014.05.10"]
[Round "2"]
[Board "11"]
[White "Debasish, Mukherjee"]
[Black "Vishnu, Prasanna. V"]
[Result "1/2-1/2"]
[WhiteElo "2142"]
[BlackElo "2467"]
[PlyCount "109"]
[EventDate "2014.05.09"]
[EventRounds "13"]
[EventCountry "IND"]

1. c4 e5 2. g3 c6 3. d4 e4 4. Nc3 d5 5. cxd5 cxd5 6. Qb3 Nc6 7. Qxd5 Qxd5 8.
Nxd5 Nxd4 9. Nc7+ Kd8 10. Nxa8 Nc2+ 11. Kd1 Nxa1 12. Bf4 Be6 13. b3 Nxb3 14.
axb3 Bxb3+ 15. Kc1 Ba3+ 16. Kb1 Ne7 17. e3 Nd5 18. Ne2 Ke7 19. Nc7 Rc8 20. Nd4
Nc3+ 21. Ka1 Ba4 22. Ndb5 Bb4 23. Kb2 Nd1+ 24. Kb1 Nxf2 25. Rg1 Nd3 26. Bh3 Rd8
27. Bf5 a6 28. Nd4 Ba5 29. Bxe4 Nxf4 30. gxf4 Bxc7 31. Rxg7 Bd7 32. Bd5 Be8 33.
Be4 Bd7 34. Bd5 Rf8 35. Rxh7 Bb6 36. Rh6 Bxd4 37. exd4 Rd8 38. Be4 Bc8 39. Rb6
Rxd4 40. Bxb7 Bxb7 41. Rxb7+ Ke6 42. Ra7 Rd6 43. Kc2 f6 44. h4 Kf5 45. h5 Kxf4
46. h6 f5 47. h7 Rh6 48. Rf7 a5 49. Kd2 a4 50. Ke2 a3 51. Ra7 Rh2+ 52. Kf1 Kg4
53. Ra4+ f4 54. Rxa3 Rxh7 55. Rb3 1/2-1/2

[Event "52nd National Challengers (National â€˜Bâ€™) Chess Cha"]
[Site "Indoor Stadium,Dharamshala,Himachal Pradesh,India"]
[Date "2014.05.10"]
[Round "2"]
[Board "12"]
[White "Thejkumar, M. S."]
[Black "Suresh, Kumar T.J."]
[Result "1-0"]
[WhiteElo "2460"]
[BlackElo "2124"]
[PlyCount "65"]
[EventDate "2014.05.09"]
[EventRounds "13"]
[EventCountry "IND"]

1. d4 d5 2. c4 c6 3. Nc3 Nf6 4. Nf3 e6 5. g3 Nbd7 6. Bg2 Bd6 7. O-O O-O 8. Nd2
Bc7 9. e4 dxe4 10. Ndxe4 e5 11. d5 cxd5 12. cxd5 Nxe4 13. Nxe4 Nb6 14. d6 Bb8
15. a4 a5 16. b3 f5 17. Bg5 Qd7 18. Be7 fxe4 19. Bxf8 Kxf8 20. f4 exf4 21.
Rxf4+ Kg8 22. Rxe4 Bxd6 23. Qe2 Bf8 24. Rf1 Qd6 25. Re8 Qc5+ 26. Qf2 Qxf2+ 27.
Rxf2 Bf5 28. Rxa8 Nxa8 29. Rxf5 Bb4 30. Bd5+ Kh8 31. Rf7 Nb6 32. Rxb7 g6 33.
Be6 1-0

[Event "52nd National Challengers (National â€˜Bâ€™) Chess Cha"]
[Site "Indoor Stadium,Dharamshala,Himachal Pradesh,India"]
[Date "2014.05.10"]
[Round "2"]
[Board "13"]
[White "Arpan, Das"]
[Black "Roy Chowdhury, Saptarshi"]
[Result "1/2-1/2"]
[WhiteElo "2125"]
[BlackElo "2453"]
[PlyCount "54"]
[EventDate "2014.05.09"]
[EventRounds "13"]
[EventCountry "IND"]

1. e4 c5 2. Nf3 Nc6 3. d4 cxd4 4. Nxd4 e5 5. Nb5 d6 6. N1c3 a6 7. Na3 Be7 8.
Nc4 b5 9. Ne3 Nf6 10. f3 O-O 11. Ncd5 Nxd5 12. Nxd5 Bg5 13. Be3 Bxe3 14. Nxe3
Be6 15. Qd2 Qb6 16. Bd3 Nb4 17. a3 Nxd3+ 18. Qxd3 Rac8 19. O-O-O Rc6 20. Rd2
Rfc8 21. Rhd1 a5 22. Nd5 Bxd5 23. Qxd5 h6 24. Kb1 Qc7 25. Qxb5 Rxc2 26. Rxd6
Rxg2 27. Qxe5 Qb8 1/2-1/2

[Event "52nd National Challengers (National â€˜Bâ€™) Chess Cha"]
[Site "Indoor Stadium,Dharamshala,Himachal Pradesh,India"]
[Date "2014.05.10"]
[Round "2"]
[Board "14"]
[White "Laxman, R.R."]
[Black "Aradhya, Garg"]
[Result "1/2-1/2"]
[WhiteElo "2450"]
[BlackElo "2120"]
[PlyCount "110"]
[EventDate "2014.05.09"]
[EventRounds "13"]
[EventCountry "IND"]

1. d4 d5 2. c4 c6 3. Nf3 Nf6 4. e3 Bf5 5. Nc3 e6 6. Nh4 Bg6 7. a3 Bh5 8. Be2
Bxe2 9. Qxe2 Nbd7 10. Nf3 Bd6 11. e4 Nxe4 12. Nxe4 dxe4 13. Qxe4 Qa5+ 14. Bd2
Qf5 15. Qxf5 exf5 16. Bb4 Bf4 17. g3 Bh6 18. O-O O-O-O 19. Rfe1 Rde8 20. d5 Re4
21. dxc6 bxc6 22. Rad1 Rhe8 23. Kf1 g6 24. b3 Nf6 25. Rd6 Rxe1+ 26. Nxe1 Re6
27. Rd1 f4 28. Nd3 fxg3 29. hxg3 Nd7 30. Kg2 Bg7 31. g4 Bd4 32. Rh1 Nf6 33. Kf3
Ne4 34. Re1 Ng5+ 35. Kf4 Rxe1 36. Bxe1 Ne6+ 37. Ke4 Kd7 38. b4 Bf6 39. f4 Ba1
40. Bh4 Ng7 41. f5 h5 42. fxg6 fxg6 43. gxh5 Nf5 44. Nc5+ Kc8 45. Bf2 Nd6+ 46.
Kd3 gxh5 47. Nb3 Bb2 48. a4 Ba3 49. Na5 Kc7 50. b5 cxb5 51. axb5 Nb7 52. Nb3 h4
53. c5 Nxc5+ 54. Nxc5 Bxc5 55. Bxc5 h3 1/2-1/2

[Event "52nd National Challengers (National â€˜Bâ€™) Chess Cha"]
[Site "Indoor Stadium,Dharamshala,Himachal Pradesh,India"]
[Date "2014.05.10"]
[Round "2"]
[Board "15"]
[White "Muthaiah, Al"]
[Black "Swayams, Mishra"]
[Result "1/2-1/2"]
[WhiteElo "2110"]
[BlackElo "2442"]
[PlyCount "74"]
[EventDate "2014.05.09"]
[EventRounds "13"]
[EventCountry "IND"]

1. d4 e6 2. Nf3 Nf6 3. g3 b5 4. Bg2 Bb7 5. O-O Be7 6. a4 b4 7. c4 O-O 8. Bf4 a5
9. Nbd2 Nh5 10. Be3 d6 11. Ne1 Qc8 12. Nd3 Bxg2 13. Kxg2 Qb7+ 14. f3 Nd7 15.
Bg1 f5 16. Re1 Bg5 17. e4 Bxd2 18. Qxd2 fxe4 19. fxe4 Rae8 20. Rac1 Nhf6 21.
Qe2 Rf7 22. c5 dxc5 23. Nxc5 Nxc5 24. Rxc5 Qa8 25. h3 h6 26. Kh2 Nh7 27. h4 Nf6
28. Qb5 Ref8 29. Qxa5 Ng4+ 30. Kg2 Rf2+ 31. Bxf2 Rxf2+ 32. Kh3 Qf8 33. Kxg4
Qf3+ 34. Kh3 Qg2+ 35. Kg4 Qf3+ 36. Kh3 Qg2+ 37. Kg4 Qf3+ 1/2-1/2

[Event "52nd National Challengers (National â€˜Bâ€™) Chess Cha"]
[Site "Indoor Stadium,Dharamshala,Himachal Pradesh,India"]
[Date "2014.05.10"]
[Round "3"]
[Board "1"]
[White "Ravi, Teja S."]
[Black "Vidit, Santosh Gujrathi"]
[Result "1/2-1/2"]
[WhiteElo "2345"]
[BlackElo "2606"]
[PlyCount "81"]
[EventDate "2014.05.09"]
[EventRounds "13"]
[EventCountry "IND"]

1. d4 Nf6 2. Bf4 g6 3. Nc3 d6 4. e4 Nbd7 5. Be2 e5 6. dxe5 dxe5 7. Bg5 Bg7 8.
Qd2 O-O 9. O-O-O c6 10. h4 b5 11. Qe3 Qb6 12. a3 Qxe3+ 13. Bxe3 a5 14. Bf3 Re8
15. g4 Nf8 16. g5 Ng4 17. Bxg4 Bxg4 18. f3 Bc8 19. Rd6 Bb7 20. Nh3 Ne6 21. Ne2
b4 22. a4 c5 23. Nf2 Ra6 24. Rxa6 Bxa6 25. Ng3 f6 26. gxf6 Bxf6 27. Ng4 Bg7 28.
Nh6+ Kf8 29. Bg5 Nd4 30. Rh2 Re6 31. Rf2 Ke8 32. Ng4 h5 33. Ne3 Kd7 34. c3 bxc3
35. bxc3 Nb3+ 36. Kc2 c4 37. Ngf1 Nc5 38. Rd2+ Kc7 39. Rd5 Rc6 40. Be7 Nd3 41.
Nd2 1/2-1/2

[Event "52nd National Challengers (National â€˜Bâ€™) Chess Cha"]
[Site "Indoor Stadium,Dharamshala,Himachal Pradesh,India"]
[Date "2014.05.10"]
[Round "3"]
[Board "2"]
[White "Sethuraman, S.P."]
[Black "Konguvel, Ponnuswamy"]
[Result "1-0"]
[WhiteElo "2582"]
[BlackElo "2363"]
[PlyCount "224"]
[EventDate "2014.05.09"]
[EventRounds "13"]
[EventCountry "IND"]

1. d4 Nf6 2. c4 g6 3. f3 Bg7 4. e4 d6 5. Ne2 O-O 6. Be3 c6 7. Nec3 a6 8. Nd2 b5
9. a3 Nbd7 10. cxb5 axb5 11. Be2 Nb6 12. O-O Bd7 13. b3 Qb8 14. a4 bxa4 15.
bxa4 c5 16. dxc5 dxc5 17. Qc2 Ra5 18. Nb3 Bxa4 19. Qc1 Ra8 20. Nxc5 Bc6 21. Rb1
Qa7 22. Ne6 Rfb8 23. Nxg7 Kxg7 24. Nb5 Bxb5 25. Rxb5 Qa2 26. Rb2 Qe6 27. Rc2
Rc8 28. Rxc8 Rxc8 29. Qa1 Nbd5 30. Bd4 Nf4 31. Bb5 Rc2 32. Rf2 Qc8 33. Rxc2
Qxc2 34. Bf1 g5 35. Qe1 e5 36. Bc3 h5 37. Qe3 Ng6 38. Be1 g4 39. Bd3 Qd1 40.
Qe2 Qa1 41. Qe3 gxf3 42. gxf3 Nf4 43. Bf1 Nh7 44. Qc3 Qa7+ 45. Kh1 Qe7 46. Bd2
Qf6 47. Qe3 Nf8 48. Bc3 N8g6 49. Bc4 Qd6 50. Qe1 Qc5 51. Bf1 f6 52. Bd2 Qa3 53.
Be3 Qa2 54. Qc1 Qb3 55. Kg1 h4 56. Qd2 Qb7 57. Kf2 Qc8 58. Bb5 Qh3 59. Qd7+
Qxd7 60. Bxd7 Kf7 61. Bg4 Ne6 62. Kf1 Nef4 63. Bf2 Kg7 64. Ke1 Kf7 65. Kd2 Kg7
66. Kc3 Kh6 67. Be3 Kg7 68. Kd2 Kf7 69. Kd1 Ne6 70. Ke1 Ng7 71. Bf2 Ne6 72. Kf1
Nef8 73. Be3 Ne6 74. Kf2 Ng5 75. Ke2 Nf8 76. Kd1 Nfe6 77. Bf2 h3 78. Ke2 Nf4+
79. Kf1 Kg6 80. Be3 Nfe6 81. Kf2 Nf4 82. Kg3 Nfe6 83. Bb6 Nd4 84. Bxd4 exd4 85.
Kf2 Nf7 86. Bxh3 Ne5 87. f4 Nd3+ 88. Kf3 Kh5 89. Kg3 Kg6 90. Bf5+ Kf7 91. Bd7
Nc5 92. Bc6 f5 93. Bd5+ Kg7 94. e5 d3 95. Kf2 d2 96. Bf3 Nd3+ 97. Ke3 Ne1 98.
Bd1 Ng2+ 99. Kf3 Ne1+ 100. Kf2 Kf7 101. Bb3+ Kg7 102. h4 Nd3+ 103. Ke3 Ne1 104.
h5 Ng2+ 105. Kf3 Ne1+ 106. Kf2 Nd3+ 107. Ke3 Nc5 108. Bc2 Ne6 109. Bb3 Kh7 110.
Ba4 Kh6 111. Bd1 Kh7 112. Bf3 Kh6 1-0

[Event "52nd National Challengers (National â€˜Bâ€™) Chess Cha"]
[Site "Indoor Stadium,Dharamshala,Himachal Pradesh,India"]
[Date "2014.05.10"]
[Round "3"]
[Board "3"]
[White "Tiwari, Arjun"]
[Black "Lalith, Babu M.R."]
[Result "1/2-1/2"]
[WhiteElo "2301"]
[BlackElo "2571"]
[PlyCount "139"]
[EventDate "2014.05.09"]
[EventRounds "13"]
[EventCountry "IND"]

1. e4 g6 2. Nc3 Bg7 3. f4 c6 4. Nf3 d5 5. d3 dxe4 6. dxe4 Qxd1+ 7. Nxd1 Bg4 8.
Be2 Nd7 9. e5 f6 10. exf6 Ngxf6 11. Nf2 Bxf3 12. Bxf3 e5 13. O-O O-O 14. Bd2
exf4 15. Bxf4 Nd5 16. Bxd5+ cxd5 17. Nd3 Rac8 18. Rac1 Nc5 19. Be3 Rxf1+ 20.
Kxf1 b6 21. Nxc5 bxc5 22. Rd1 d4 23. Bf2 Kf7 24. Ke2 Ke6 25. Kd3 Kd5 26. c4+
dxc3 27. bxc3 Be5 28. h3 Rf8 29. c4+ Kc6 30. Ke2 Rb8 31. Rd5 Rb2+ 32. Rd2 Rb1
33. Bxc5 Kxc5 34. Rd5+ Kxc4 35. Rxe5 Rb2+ 36. Kf3 Rxa2 37. Re7 h5 38. Rg7 Ra6
39. Kf4 Kd3 40. g4 Ke2 41. Rb7 Ra3 42. Kg5 hxg4 43. Kxg4 a5 44. h4 a4 45. Kg5
Rg3+ 46. Kf4 Rb3 47. Re7+ Kf2 48. Re4 Rf3+ 49. Kg5 Rg3+ 50. Kh6 a3 51. Ra4 Ke2
52. Kh7 Kd2 53. Kh6 Ke2 54. Kh7 Kf2 55. Kh6 Kg2 56. Kh7 Kh2 57. Kg7 Kh3 58. Kh6
Kh2 59. Kh7 Kg2 60. Kg7 Kh3 61. Kh6 Rg4 62. Rxa3+ Kxh4 63. Ra1 g5 64. Rh1+ Kg3
65. Rg1+ Kf3 66. Rf1+ Ke4 67. Kh5 Rg2 68. Ra1 Kf4 69. Ra4+ Kf3 70. Ra3+ 1/2-1/2

[Event "52nd National Challengers (National â€˜Bâ€™) Chess Cha"]
[Site "Indoor Stadium,Dharamshala,Himachal Pradesh,India"]
[Date "2014.05.10"]
[Round "3"]
[Board "4"]
[White "Sengupta, Deep"]
[Black "Himanshu, Sharma"]
[Result "1/2-1/2"]
[WhiteElo "2536"]
[BlackElo "2350"]
[PlyCount "157"]
[EventDate "2014.05.09"]
[EventRounds "13"]
[EventCountry "IND"]

1. Nf3 Nf6 2. c4 c5 3. Nc3 Nc6 4. d4 cxd4 5. Nxd4 g6 6. e4 Bg7 7. Be3 Ng4 8.
Qxg4 Nxd4 9. Qd1 Ne6 10. Qd2 Qa5 11. Rc1 d6 12. Be2 Bd7 13. O-O Nc5 14. Bd4
Nxe4 15. Qe3 Nxc3 16. Bxg7 Nxe2+ 17. Qxe2 Rg8 18. Bd4 Qh5 19. Qe3 g5 20. Rfe1
Be6 21. Qe4 Kf8 22. Qxb7 Re8 23. c5 dxc5 24. Rxc5 Qg4 25. Bc3 Rg6 26. Qxa7 h5
27. Rb5 h4 28. Rb4 Qf5 29. Qd4 Rg8 30. a4 h3 31. Rb5 Qf4 32. a5 Qxd4 33. Bxd4
Rd8 34. Bc3 hxg2 35. a6 Bc4 36. Ra5 f6 37. Bb4 Kf7 38. Rxe7+ Kg6 39. Kxg2 Bd5+
40. Kg3 Ba8 41. Rb5 Rd1 42. f3 Rd3 43. Rbb7 Bxb7 44. Rxb7 Ra8 45. Rb6 Rb3 46.
Kg4 Rxb2 47. Rxf6+ Kxf6 48. Bc3+ Kg6 49. Bxb2 Rxa6 50. f4 gxf4 51. Kxf4 Ra2 52.
Be5 Rxh2 53. Ke4 Re2+ 54. Kd4 Kf5 55. Bb8 Rd2+ 56. Ke3 Rd8 57. Bc7 Rd7 58. Bb8
Rb7 59. Bh2 Rb4 60. Bc7 Ke6 61. Ba5 Ra4 62. Bc3 Ra3 63. Kd4 Kf5 64. Bb2 Ra8 65.
Kd5 Rd8+ 66. Kc5 Ke4 67. Bg7 Rd5+ 68. Kc6 Rg5 69. Bb2 Kd3 70. Kd6 Rb5 71. Bg7
Ke4 72. Bc3 Rb3 73. Bg7 Rd3+ 74. Kc5 Rd5+ 75. Kc6 Rd1 76. Kc5 Rg1 77. Bb2 Rg2
78. Bf6 Rc2+ 79. Kd6 1/2-1/2

[Event "52nd National Challengers (National â€˜Bâ€™) Chess Cha"]
[Site "Indoor Stadium,Dharamshala,Himachal Pradesh,India"]
[Date "2014.05.10"]
[Round "3"]
[Board "5"]
[White "Kumaran, B"]
[Black "Venkatesh, M.R."]
[Result "1/2-1/2"]
[WhiteElo "2294"]
[BlackElo "2519"]
[PlyCount "118"]
[EventDate "2014.05.09"]
[EventRounds "13"]
[EventCountry "IND"]

1. e4 e5 2. Nf3 Nc6 3. Bb5 a6 4. Ba4 Nge7 5. O-O g6 6. c3 Bg7 7. d4 exd4 8.
cxd4 b5 9. Bc2 O-O 10. Bg5 h6 11. Bh4 d6 12. e5 Bg4 13. Be4 g5 14. Bg3 dxe5 15.
dxe5 Qxd1 16. Rxd1 Bxf3 17. Bxf3 Rad8 18. Nc3 Bxe5 19. Bxe5 Nxe5 20. Bb7 c6 21.
a4 b4 22. Ne4 a5 23. Ba6 Nf5 24. Nc5 Nd4 25. Rac1 Rd5 26. Kf1 Ra8 27. Bb7 Rad8
28. Ba6 Ng4 29. Re1 Nxh2+ 30. Kg1 Ng4 31. Nb7 R8d7 32. Nc5 R7d6 33. Ne4 Rg6 34.
Bc4 Rd8 35. Nc5 Nf5 36. Nb7 Rd2 37. Re2 Rd7 38. Nxa5 Rgd6 39. Re8+ Kg7 40. Be2
Nf6 41. Re5 Nd4 42. Bf1 Ra7 43. Nc4 Rd8 44. Ra5 Re7 45. Re5 Ra7 46. Ra5 Rb7 47.
Ra6 Re7 48. Na5 Ne2+ 49. Bxe2 Rxe2 50. Nc4 Ng4 51. Rf1 Rc2 52. b3 Rd3 53. Rxc6
Rxb3 54. Ne5 Rxc6 55. Nxc6 Rb2 56. a5 b3 57. Nd4 Ra2 58. Nxb3 Rb2 59. Nd4 Ra2
 1/2-1/2

[Event "52nd National Challengers (National â€˜Bâ€™) Chess Cha"]
[Site "Indoor Stadium,Dharamshala,Himachal Pradesh,India"]
[Date "2014.05.10"]
[Round "3"]
[Board "6"]
[White "Harsha, Bharathakoti"]
[Black "Debashis, Das"]
[Result "0-1"]
[WhiteElo "2279"]
[BlackElo "2501"]
[PlyCount "56"]
[EventDate "2014.05.09"]
[EventRounds "13"]
[EventCountry "IND"]

1. d4 Nf6 2. c4 e6 3. Nf3 d5 4. g3 dxc4 5. Bg2 Bd7 6. Ne5 Bc6 7. Nxc6 Nxc6 8.
Qa4 Qd7 9. Qxc4 Nd5 10. O-O O-O-O 11. Rd1 h5 12. Nc3 h4 13. a3 Kb8 14. Qd3 hxg3
15. hxg3 f5 16. e4 fxe4 17. Qxe4 Be7 18. Nxd5 exd5 19. Qd3 Rdf8 20. b4 Bd6 21.
Re1 Qg4 22. Bb2 Qh5 23. Re3 g5 24. Rae1 g4 25. Bc3 a6 26. R1e2 Ka7 27. b5 Qh2+
28. Kf1 Qh1+ 0-1

[Event "52nd National Challengers (National â€˜Bâ€™) Chess Cha"]
[Site "Indoor Stadium,Dharamshala,Himachal Pradesh,India"]
[Date "2014.05.10"]
[Round "3"]
[Board "7"]
[White "Karthikeyan, Murali"]
[Black "Murali Krishnan, B.T."]
[Result "1-0"]
[WhiteElo "2475"]
[BlackElo "2299"]
[PlyCount "57"]
[EventDate "2014.05.09"]
[EventRounds "13"]
[EventCountry "IND"]

1. e4 e6 2. d4 d5 3. Nd2 c5 4. dxc5 Bxc5 5. Bd3 Nc6 6. Ngf3 Nf6 7. O-O O-O 8.
a3 Qc7 9. Qe2 Bd6 10. c4 d4 11. b4 e5 12. c5 Be7 13. Nc4 Bg4 14. Bd2 Nd7 15.
Rac1 Nd8 16. h3 Bh5 17. Na5 Rc8 18. Rfe1 Re8 19. Bc4 Kh8 20. Bd5 Nf6 21. g4 Bg6
22. Nh4 Nxd5 23. Nxg6+ hxg6 24. exd5 Bf8 25. Qb5 Nc6 26. dxc6 bxc6 27. Qb7 f5
28. Qxc7 Rxc7 29. Bf4 1-0

[Event "52nd National Challengers (National â€˜Bâ€™) Chess Cha"]
[Site "Indoor Stadium,Dharamshala,Himachal Pradesh,India"]
[Date "2014.05.10"]
[Round "3"]
[Board "8"]
[White "Patil, Pratik"]
[Black "Grover, Sahaj"]
[Result "0-1"]
[WhiteElo "2259"]
[BlackElo "2469"]
[PlyCount "48"]
[EventDate "2014.05.09"]
[EventRounds "13"]
[EventCountry "IND"]

1. e4 e5 2. Nf3 Nc6 3. d4 exd4 4. Nxd4 Bb4+ 5. c3 Bc5 6. Be3 Bb6 7. Nd2 Nf6 8.
Nf5 g6 9. Bxb6 axb6 10. Ne3 d5 11. exd5 Nxd5 12. Ndc4 Be6 13. Qc2 O-O 14. Be2
Nf4 15. O-O b5 16. Na3 Qg5 17. Bf3 Ne5 18. Qe4 c6 19. Rfd1 Ra4 20. Rd4 Rxd4 21.
cxd4 Ned3 22. Nd1 Bd5 23. Qe3 Bxf3 24. Qxf3 Ne1 0-1

[Event "52nd National Challengers (National â€˜Bâ€™) Chess Cha"]
[Site "Indoor Stadium,Dharamshala,Himachal Pradesh,India"]
[Date "2014.05.10"]
[Round "3"]
[Board "9"]
[White "Lokesh, P."]
[Black "Thejkumar, M. S."]
[Result "1/2-1/2"]
[WhiteElo "2253"]
[BlackElo "2460"]
[PlyCount "218"]
[EventDate "2014.05.09"]
[EventRounds "13"]
[EventCountry "IND"]

1. e4 c6 2. d4 d5 3. Nd2 dxe4 4. Nxe4 Bf5 5. Ng3 Bg6 6. h4 h6 7. Nf3 Nd7 8. h5
Bh7 9. Bd3 Bxd3 10. Qxd3 e6 11. Bd2 Ngf6 12. O-O-O Be7 13. Kb1 O-O 14. Ne4 c5
15. g4 Nxg4 16. dxc5 Nxc5 17. Nxc5 Nxf2 18. Qc3 Nxd1 19. Rxd1 Qd5 20. Rg1 f6
21. Nb3 Qxh5 22. Qe3 e5 23. Qe4 Rf7 24. Be3 Rd8 25. Nfd2 Qh3 26. Rh1 Qg3 27.
Rg1 Qh3 28. Rh1 Qd7 29. Qg6 f5 30. Rxh6 Rf6 31. Qh7+ Kf7 32. Rh1 Qd5 33. Rg1
Rg8 34. Bg5 e4 35. Bxf6 Bxf6 36. Rf1 e3 37. Rxf5 Qd8 38. Ne4 e2 39. Rxf6+ Ke7
40. Rf7+ Kxf7 41. Qh5+ Ke7 42. Qxe2 Rh8 43. Nec5+ Kf6 44. Qf3+ Kg6 45. Qe4+ Kf6
46. Qf3+ Kg6 47. Nxb7 Qf6 48. Qg3+ Qg5 49. Qd6+ Qf6 50. Qd3+ Qf5 51. Qa6+ Qf6
52. Qd3+ Qf5 53. Qg3+ Qg5 54. Qxg5+ Kxg5 55. c4 Kf4 56. Nd6 g5 57. Nd2 g4 58.
N6e4 Ke3 59. Kc2 Rd8 60. c5 g3 61. Nxg3 Rxd2+ 62. Kc3 Rg2 63. Nf1+ Ke4 64. a3
Rg1 65. Nd2+ Kd5 66. b4 Rg3+ 67. Kb2 a5 68. bxa5 Rd3 69. Kc2 Rxa3 70. a6 Kxc5
71. a7 Rxa7 72. Kd3 Kd5 73. Ke3 Ra4 74. Nf3 Re4+ 75. Kd3 Re7 76. Nd2 Ra7 77.
Ke3 Ra3+ 78. Kf4 Rc3 79. Nf3 Rd3 80. Ng5 Rd4+ 81. Ke3 Rh4 82. Nf3 Rg4 83. Nd2
Ke6 84. Nf3 Ra4 85. Nd4+ Kd6 86. Nf3 Kc5 87. Nd2 Rb4 88. Nf3 Kd5 89. Nd2 Rb2
90. Nf3 Rb3+ 91. Kf4 Ra3 92. Ng5 Kd6 93. Nf3 Ke6 94. Ng5+ Kf6 95. Nf3 Ra4+ 96.
Ke3 Rg4 97. Nd4 Kg6 98. Nf3 Kh5 99. Nd4 Kh4 100. Nf5+ Kg5 101. Nd4 Rg2 102.
Ne6+ Kg4 103. Nd4 Rg1 104. Ke4 Re1+ 105. Kd5 Re3 106. Ne6 Kf5 107. Nd4+ Kf6
108. Nc6 Kf5 109. Nd4+ Kf6 1/2-1/2

[Event "52nd National Challengers (National â€˜Bâ€™) Chess Cha"]
[Site "Indoor Stadium,Dharamshala,Himachal Pradesh,India"]
[Date "2014.05.10"]
[Round "3"]
[Board "10"]
[White "Shyam, Nikil P."]
[Black "Saravana, Krishnan P."]
[Result "1-0"]
[WhiteElo "2422"]
[BlackElo "2289"]
[PlyCount "171"]
[EventDate "2014.05.09"]
[EventRounds "13"]
[EventCountry "IND"]

1. d4 Nf6 2. c4 c6 3. Nf3 d5 4. Qc2 dxc4 5. Qxc4 Bf5 6. g3 e6 7. Bg2 Be7 8. O-O
O-O 9. Nc3 Nbd7 10. e3 h6 11. Rd1 Ne4 12. Ne1 Nxc3 13. bxc3 Qa5 14. e4 Bh7 15.
Bd2 Rfd8 16. Qe2 Qa4 17. Nd3 Qa6 18. Be3 Nf6 19. f3 Nd7 20. Bf1 Rac8 21. Rdb1
b6 22. a4 c5 23. Qf2 cxd4 24. cxd4 Qb7 25. a5 Qc7 26. Nb4 Bxb4 27. Rxb4 bxa5
28. Rba4 f5 29. exf5 Bxf5 30. Rxa5 Nf6 31. Rxa7 Qd6 32. g4 Bg6 33. Qg3 Qxg3+
34. hxg3 Rc3 35. R1a3 Rxa3 36. Rxa3 Nd5 37. Bd2 Rc8 38. Kf2 Ne7 39. Ke1 Nc6 40.
Rc3 Ne7 41. Ra3 Nc6 42. Rc3 Ne7 43. Rc5 Rd8 44. Bc3 Nd5 45. Kd2 Ra8 46. Bc4 Bf7
47. Ba5 Rb8 48. Kc1 Kf8 49. f4 Ne3 50. Bc7 Ra8 51. Bd6+ Kg8 52. Be2 Ra1+ 53.
Kb2 Ra8 54. Be5 Rd8 55. Rc7 g6 56. Rc3 Nd5 57. Rc1 Ne7 58. Rh1 Kh7 59. Bd3 Nc6
60. Bf6 Rb8+ 61. Kc1 Nb4 62. Bb1 Nd5 63. Be5 Rc8+ 64. Kd2 Nb6 65. Bf6 Nd5 66.
Be5 Nb6 67. g5 Nc4+ 68. Ke2 Nxe5 69. fxe5 h5 70. Rxh5+ Kg7 71. Rh4 Rc1 72. Bd3
Rg1 73. Kf2 Ra1 74. Rf4 Ra2+ 75. Ke3 Rg2 76. Rf3 Rg1 77. Bc4 Rc1 78. Kd3 Rd1+
79. Kc3 Rb1 80. Ba2 Ra1 81. Bb3 Re1 82. Kb4 Re4 83. Kc5 Rg4 84. Bc4 Bg8 85. Rd3
Rxg5 86. Kd6 1-0

[Event "52nd National Challengers (National â€˜Bâ€™) Chess Cha"]
[Site "Indoor Stadium,Dharamshala,Himachal Pradesh,India"]
[Date "2014.05.10"]
[Round "3"]
[Board "11"]
[White "Anurag, Mhamal"]
[Black "Kulkarni, Bhakti"]
[Result "1-0"]
[WhiteElo "2420"]
[BlackElo "2258"]
[PlyCount "87"]
[EventDate "2014.05.09"]
[EventRounds "13"]
[EventCountry "IND"]

1. Nf3 Nf6 2. c4 g6 3. g3 Bg7 4. Bg2 O-O 5. O-O d6 6. Nc3 c6 7. d4 Qa5 8. h3
Nbd7 9. e4 e5 10. Be3 exd4 11. Nxd4 Re8 12. Qd2 Ne5 13. b3 c5 14. Nc2 a6 15.
Rad1 Be6 16. f4 Nc6 17. Na4 Rad8 18. Qxa5 Nxa5 19. Nb6 Nxe4 20. Bxe4 Bxh3 21.
Bd3 Bxf1 22. Bxf1 Nc6 23. Kf2 Ne7 24. Bh3 f5 25. Bg2 Nc6 26. a3 Bc3 27. b4 cxb4
28. axb4 Nxb4 29. Nxb4 Bxb4 30. Nd5 Bc5 31. Nf6+ Kf8 32. Nxe8 Bxe3+ 33. Kxe3
Rxe8+ 34. Kf2 Rc8 35. Bxb7 Rxc4 36. Rxd6 Rc2+ 37. Kf3 a5 38. Rd7 Kg8 39. Bd5+
Kh8 40. Ke3 Rc3+ 41. Kd4 Rxg3 42. Ke5 g5 43. Kf6 h6 44. Rd8+ 1-0

[Event "52nd National Challengers (National â€˜Bâ€™) Chess Cha"]
[Site "Indoor Stadium,Dharamshala,Himachal Pradesh,India"]
[Date "2014.05.10"]
[Round "3"]
[Board "12"]
[White "Sriram, Jha"]
[Black "Shreyansh, Daklia"]
[Result "0-1"]
[WhiteElo "2403"]
[BlackElo "2250"]
[PlyCount "169"]
[EventDate "2014.05.09"]
[EventRounds "13"]
[EventCountry "IND"]

1. Nf3 d5 2. g3 Nf6 3. Bg2 e6 4. O-O Be7 5. d3 b6 6. Nbd2 Bb7 7. e4 c5 8. Re1
Nc6 9. c3 Qc7 10. Nf1 O-O-O 11. Bf4 Qd7 12. e5 Ne8 13. d4 h6 14. h4 Nc7 15.
N1h2 Kb8 16. Ng4 cxd4 17. Nxd4 Rc8 18. Nxc6+ Bxc6 19. Qd2 Na6 20. Red1 Qc7 21.
Be3 Nc5 22. Bd4 Nd7 23. h5 f5 24. exf6 gxf6 25. Be3 Bc5 26. c4 f5 27. cxd5 exd5
28. Bf4 Bd6 29. Bxd6 Qxd6 30. Ne3 f4 31. Nf5 Qe5 32. Qxf4 Qxf4 33. gxf4 Nf6 34.
Rac1 Bb7 35. Rxc8+ Bxc8 36. Ne3 Rg8 37. Kh2 Nxh5 38. Rd4 Bb7 39. f5 Nf6 40. Bf3
Rd8 41. Kg3 Kc7 42. Ng4 Rg8 43. Kh4 Nxg4 44. Rxg4 Rf8 45. Rg7+ Kb8 46. Bg4 Bc8
47. f4 d4 48. f6 Bxg4 49. Kxg4 Rxf6 50. Rd7 Kc8 51. Rxd4 Kc7 52. f5 Kc6 53. Rd8
a5 54. Kf4 Rd6 55. Rc8+ Kd7 56. Rc2 Rd1 57. Rh2 Rd6 58. Ke5 Rc6 59. Rg2 Ke7 60.
Rg7+ Kf8 61. Rb7 Rc5+ 62. Ke4 Rc6 63. b3 Kg8 64. Kd5 Rf6 65. Ke5 Rc6 66. f6 Rc2
67. a4 h5 68. Rxb6 h4 69. Rb8+ Kf7 70. Rb7+ Kf8 71. Rh7 Rh2 72. Ke6 Re2+ 73.
Kd5 Re3 74. Kc4 h3 75. Rh5 Kf7 76. Rxa5 Re4+ 77. Kd5 Rh4 78. Ra7+ Kxf6 79. Rc7
h2 80. Rc1 h1=Q+ 81. Rxh1 Rxh1 82. b4 Ke7 83. Kc6 Kd8 84. a5 Kc8 85. b5 0-1